Contaminación atmosférica : fundamentos físicos y químicos / John H. Seinfeld ... ; traducido por Rafael Mujeriego ... y Geneviève Deroeux fundamentos físicos y químicos / John H. Seinfeld ... ; traducido por Rafael Mujeriego ... y Geneviève Deroeux
Descripción Física:
XV,. 558 p. : il. ; 25 cm
Materias:
Aire -- Contaminació
MARC
| LEADER | 00000nam a2200000Ia 4500 | ||
|---|---|---|---|
| 001 | 1792 | ||
| 008 | 160829s1978 xx 000 0 cat d | ||
| 080 | |a C-1-179 | ||
| 100 | |a Seinfeld, John H. |9 27327 | ||
| 245 | |a Contaminación atmosférica : |b fundamentos físicos y químicos / John H. Seinfeld ... ; traducido por Rafael Mujeriego ... y Geneviève Deroeux | ||
| 260 | |a Madrid : |b Instituto de Estudios de Administración Local, |c 1978 | ||
| 300 | |a XV,. 558 p. : |b il. ; |c 25 cm | ||
| 650 | 0 | |a Aire |x Contaminació |9 32823 | |
| 700 | |a Mujeriego, Rafael, tr. |9 27329 | ||
| 700 | 1 | |a Deroeux, Geneviève |9 27330 | |
| 710 | 2 | |a Instituto de Estudios de Administración Local (Espanya) |9 54775 | |
| 901 | |a Arxiu | ||
| 942 | |n 1 | ||
| 952 | |0 0 |1 0 |4 0 |6 C1179 |7 1 |9 44351 |a Arxiu |b Arxiu |d 2016-12-01 |l 0 |o C-1-179 |p 1792 |r 2016-12-01 00:00:00 |w 2016-12-01 |y ARXIU | ||
| 999 | |c 46932 |d 46932 | ||